Регионална библиотека "Любен Каравелов" - Русе

Магията на словото (Запис номер 182459)

MARC детайли
000 -Лидер
Контролно поле с фиксирана дължина 01316nam a2200301 c 4500
003 - Код на организацията, давaща контролен номер
Контролно поле BLK
005 - Дата и час на последна редакция
Контролно поле 20230406111304.0
008 - Елементи от данни с фиксирана дължина
fixed length control field 180411b bul|||||r ||||||| ||bul||
010 ## - Наследен системен номер
LC control number KNG00191384000
040 ## - Източник на каталожния запис
Идентификатор на билиотеката - собственик на записа BLK
041 ## - Код за език
Код за езика на текст/звукозапис или на отделно заглавие Български
Код за езика КДБФ Български
080 ## - УДК
Текстов определител УДК Българска литература
УДК код - определител по УДК 821.163.2
УДК определител
УДК - код + определител 821.163.2
100 1# - Редна дума - Автор
Автор Данков, Борис Ганчев
Авторска отговорност първи автор
R(LIN) 371473
139 ## - Редно поле
Редна дума Данков, Борис Ганчев
Авторски знак Дане - Д 18
245 10 - Сведения за заглавието
Заглавие Магията на словото
Подзаглавни данни Анкети
Редно поле (дума) Борис Ганчев Данков.
257 ## - Страна на издаване
Страна на създаване/издаване България
260 ## - Област на издателските данни
-- София
Име на издателя, разпространителя и проч. Профиздат
Година на издаване 1986
300 ## - Физическа характеристика
Страници 224 с.
Размери/Мащаб 20 см
380 ## - Жанр
Жанр Литературознание
500 ## - Общи забележки
Забележка 1 910 тир. - Съдържа материали за Вл. Топенчаров, В. Йосифов, Е. Каранфилов, К. Андреев, М. Семов, Н. Инджов, Н. Хайтов, С. Северняк, Ст. Сивриев, Ст. Продев, Т. Генов.
650 #4 - Допълнително описание по предмет – тема
Основно описание – тема или топоним Публицисти, български
9 (RLIN) 249967
650 #4 - Допълнително описание по предмет – тема
Основно описание – тема или топоним Българска литература - след 1944 г. - теми, образи, сюжети
9 (RLIN) 244447
852 ## - Местоположение
Форматна сигнатура Цб 143485
856 4# - Електронен адрес и достъп
Електронен формат pdf - файл
Път до файла /url/
856 4# - Електронен адрес и достъп
Електронен формат pdf - файл
Път до файла /url/
942 ## - АРТИКУЛИ
Вид на библиотечния материал Книги
Скрит в OPAC Не
944 ## - СЪЗДАВАНЕ И РЕДАКЦИЯ на ЗАПИСА
Създаване/Редакция Създаване
Дата на регистрацията/редакция 04.10.2016
Служител, извършил регистрацията/редакцията Кети_Илиева
944 ## - СЪЗДАВАНЕ И РЕДАКЦИЯ на ЗАПИСА
Създаване/Редакция Редакция
Дата на регистрацията/редакция 04.10.2016
Служител, извършил регистрацията/редакцията Кети_Илиева
999 ## - СИСТЕМНИ КОНТРОЛНИ НОМЕРА
Koha biblionumber 182459
Koha biblioitemnumber 182459
Наличности
Код за отписване Код за изгубен артикул Източник на класификационната схема Код за повреда Коз за рестрикции Код за отдаване Артикулен № Име на библиотеката - собственик Име на библиотеката, в която се намира в момента Статус (Текущо местоположение) Дата на вписване в системата Местоположение - отдел Цена в лева Инвентарен номер Систематично азбучна сигнатура Баркод Номер на екземпляра Цена в евро Служебна бележка Служебен тип на артикула
  Не е изгубен Universal Decimal Classification Не е повреден без рестрикции ползва се в читалня 313368 Регионална библиотека "Любен Каравелов" Русе Регионална библиотека "Любен Каравелов" Русе Хранилище 1986-01-01 Хранилище 1.01 454051 Цб 143485 120000454051 1 0.52 Вид: Сф Дата: 01.01.1986 Книги
Изтеглен Не е изгубен Universal Decimal Classification Не е повреден без рестрикции заемане за дома 313369 Регионална библиотека "Любен Каравелов" Русе Регионална библиотека "Любен Каравелов" Русе Заемна - подръчен фонд 1986-01-01 Заемна - подръчен фонд 1.01 503180 П 886.7/Д 18 503180 2 0.52 Вид: Сф Дата: 01.01.1986 Дата инв: 21.03.2018 Бележки инв: П2018 Книги
Vip Innovations Ltd, Rousse, Bulgaria 2025